| 000 | 00832nam a22002297a 4500 | ||
|---|---|---|---|
| 005 | 20260323163137.0 | ||
| 010 | _aB-763943-967 ENG-148142 BACEN25 | ||
| 020 |
_a9788183823029 _c250.00 |
||
| 035 | _aB-763943-967 | ||
| 035 | _aEN-131674 | ||
| 037 | _bLotus Press | ||
| 037 | _bDBAD | ||
| 082 |
_a150.12 _21 |
||
| 100 |
_aKamath, Ak _988752 |
||
| 245 |
_aPositive Mind Power: _bLessons That Guide & Inspire/ _cby Ak Kamath |
||
| 250 | _a1 | ||
| 260 |
_aNew Delhi _bLotus Press _c2025 |
||
| 270 |
_a4263/3, Ansari Road, Darya Ganj, _bNew Delhi _c110002 |
||
| 300 |
_a208p. _c21cm(pb) |
||
| 942 |
_2ddc _cEN _h150.13 _mKAM _e1 |
||
| 999 |
_c209313 _d209313 |
||